|
|
|
|
| LEADER |
01078nam a2200349 4500 |
| 001 |
DLU110116564 |
| 005 |
##20110224 |
| 040 |
# |
# |
|a DLU
|b vie
|
| 041 |
# |
# |
|a vie
|
| 044 |
# |
# |
|a vn
|
| 082 |
# |
# |
|a 621.31
|b NG-L
|
| 100 |
# |
# |
|a Nguyễn Thị Ngọc Loan.
|
| 245 |
# |
# |
|a Truyền động điện và trang bị điện với S7-VISU-WINCC /
|c Nguyễn Thị Ngọc Loan, Phùng Thị Nguyệt, Phạm Quang Hiển.
|
| 246 |
# |
# |
|a Truyền động điện và trang bị điện với module điều khiển lập trình S7-VISU-WINCC
|
| 260 |
# |
# |
|a H. :
|b Giao thông Vận tải,
|c 2009.
|
| 300 |
# |
# |
|a 255 tr. :
|b minh hoạ ;
|c 19x27 cm.
|
| 653 |
# |
# |
|a Mô phỏng máy tính
|
| 653 |
# |
# |
|a SIMATIC S7 (Chương trình máy tính)
|
| 653 |
# |
# |
|a Tự động hoá
|
| 700 |
# |
# |
|a Phùng Thị Nguyệt.
|
| 700 |
# |
# |
|a Phạm Quang Hiển.
|
| 923 |
# |
# |
|a 15/2010
|
| 991 |
# |
# |
|a GT
|
| 992 |
# |
# |
|a 85000
|
| 994 |
# |
# |
|a DLU
|
| 900 |
# |
# |
|a True
|
| 911 |
# |
# |
|a Đào Thị Thu Huyền
|
| 925 |
# |
# |
|a G
|
| 926 |
# |
# |
|a A
|
| 927 |
# |
# |
|a SH
|
| 980 |
# |
# |
|a Thư viện Trường Đại học Đà Lạt
|